Co to za roślina? #3 - Statystyki

Ogólne statystyki
  • Ten quiz został rozwiązany 32 razy
  • Średni wynik to 9 z 24
Statystyki odpowiedzi
Obrazkowy Hint Odpowiedź % Poprawnych
x błotna, inaczej kaczeniec Knieć
100%
x ogrodowy, inaczej Rabarbar Rzewień
100%
x biały, inaczej złotogłów Asfodel
50%
x leśna, inaczej Nyssa Błotnia
50%
x zmienna, inaczej papirus Cibora
50%
x brazylijski Drzewipest
50%
x krakowski, inaczej sałata szparagowa Głąbik
50%
x wielokwiatowa, inaczej Marszawa Godecja
50%
inaczej Onętek lub Warszawianka Kosmea
50%
x czterolistna Marsylia
50%
x abisyńska, inaczej Teff Miłka
50%
x pospolity Obuwik
50%
x wątpliwy Śniedek
50%
x jarzębolistna, inaczej Tawulec Tawlina
50%
malina x, inaczej jeżyna arktyczna Tekszla
50%
x kondurango Tojowiec
50%
inaczej Dzięgiel litwor Anżelika
0%
inaczej Ramienica Chara
0%
x okrągłolistny Dławisz
0%
Hemant
0%
x pysznogłówka Monarda
0%
Oplątwa
0%
inaczej Sofora lub Perełkowiec Szupin
0%
x indyjska Ukęśla
0%
Nie znaleziono quizów pasujących do podanych kryteriów
Rozkład punktacji
Procent ludzi z każdym wynikiem
Percentyl według liczby udzielonych odpowiedzi
Twoja historia wyników
Nie rozwiązałeś tego quizu